1283 1015 1442 1577 1066 1157 1749 1982 1600 1754 1518 1916 1864 1784 1941 1828 1989 1732 1112 1733 1458 1782 1307 1291 1441 1799 1447 1108 1372 1930 1489 1537 1601 1909 1578 1892 1532 1244 1436 1747 1580 1836 1259 1337 1835 1946 1024 1802 1751 1338 1351 1365 1903 1722 1144 1215 1013 1751 1995 1905 1354 1153 1332 1003 1664 1412 1571 1898 1387 1812 1086 1255 1078 1373 1093 1902 1127 1827 1009 1543 1172 1689 1732 1217 1204 1650 1056 1391 1912 1207 1041 1453 1163 1629 1109 1847 1125 1024 1121 BCNSPRNW ULIB Ver.6.0+V

เปลี่ยนเป็นภาษาไทย

Change to English
 แสดงรายละเอียดบรรณานุกรม
  กลับหน้าหลัก

Brief Record : Get Marc (ISO 2709) : E-mail record : QR code < ปิดหน้าต่าง
LEADER : 00000nam 2200000uu 4500
001    13399122193
003     ULIB
008    130109s2554||||th 000 0 tha d
020    ^a9789740328018
050    ^aHA29.5^bณ259ส
100    ^aณหทัย ราตรี.
245    ^aสถิติเบื้องต้น : แนวคิดและทฤษฎี /^cณหทัย ราตรี.
250    ^aพิมพ์ครั้งที่ 1
260    ^aกรุงเทพฯ :^bสำนักพิมพ์แห่งจุฬาลงกรณ์มหาวิทยาลัย,^c2554
300    ^a418 หน้า
650    ^aสถิติเบื้องต้น
650    ^aสถิติ
945    ^p300^l0^i19652
999    ^aกัณชพร
รายการนี้ยังไม่มีแท็ก
คุณยังไม่ได้ล็อกอิน คุณสามารถมีกิจกรรมร่วมกับเว็บไซต์ได้ แต่ต้องล็อกอินก่อน ::
  ล็อกอิน

รายการสื่อสารสนเทศ

ลำดับที่ ประเภท เลขเรียก/บาร์โค้ด สถานที่ สถานะ
1. การศึกษาทั่วไป
การศึกษาทั่วไป
HA29.5 ณ259ส  
  Barcode: 19652
ห้องสมุดวิทยาเขตสวรรค์ประชารักษ์
►หนังสือทั่วไป
บนชั้น

รายการใกล้เคียง
    ผู้แต่ง [ณหทัย ราตรี.]

    หัวเรื่อง [สถิติเบื้องต้น]
    หัวเรื่อง [สถิติ]

BibComment


ยังไม่เคยถูกคอมเมนท์

คอมเมนท์ทรัพยากรรายการนี้
  คอมเมนท์: สถิติเบื้องต้น ..


 Copyright 2026. Bcnsprnw @Library